书目信息 |
| 题名: |
人工生命模型
|
|
| 作者: | 杨国为 著 | |
| 分册: | ||
| 出版信息: | 北京 科学出版社 2005 |
|
| 页数: | 183页 | |
| 开本: | 24cm | |
| 丛书名: | ||
| 单 册: | ||
| 中图分类: | Q811.2 | |
| 科图分类: | ||
| 主题词: | 生物模拟--研究 | |
| 电子资源: | ||
| ISBN: | 7-03-016001-0 | |
| 000 | 00885nam0 2200253 450 | |
| 001 | 1551580384 | |
| 005 | 20150118142004.34 | |
| 010 | @a7-03-016001-0@dCNY25.00 | |
| 100 | @a20050628d2005 em y0chiy50 ea | |
| 101 | 0 | @achi |
| 102 | @aCN@b110000 | |
| 105 | @ay z 000yy | |
| 200 | 1 | @a人工生命模型@9ren gong sheng ming mo xing@f杨国为著 |
| 210 | @a北京@c科学出版社@d2005 | |
| 215 | @a183页@d24cm | |
| 300 | @a国家自然科学基金项目 山东省自然科学基金项目 青岛大学出版基金资助出版 | |
| 312 | @a封面英文题名:Models of artificial life | |
| 330 | @a本书介绍了组织级人工生命(人工神经网络)功能模型、器官级人工生命(人工脑)功能模型,以及个体人工生命模型、群体人工生命(人工鱼)模型。 | |
| 510 | 1 | @aModels of artificial life@zeng |
| 606 | 0 | @a生物模拟@x研究 |
| 690 | @aQ811.2@v5 | |
| 701 | 0 | @a杨国为@9yang guo wei@4著 |
| 801 | 0 | @aCN@bTSSF@c20150118 |
| 905 | @aZUCC@dQ811.2@eJY50 | |
| 人工生命模型/杨国为著.-北京:科学出版社,2005 |
| 183页;24cm |
| 国家自然科学基金项目 山东省自然科学基金项目 青岛大学出版基金资助出版 |
| ISBN 7-03-016001-0:CNY25.00 |
| 本书介绍了组织级人工生命(人工神经网络)功能模型、器官级人工生命(人工脑)功能模型,以及个体人工生命模型、群体人工生命(人工鱼)模型。 |
| ● |
| 相关链接 |
|
|
|
|
正题名:人工生命模型
索取号:Q811.2/JY50
 
预约/预借
| 序号 | 登录号 | 条形码 | 馆藏地/架位号 | 状态 | 备注 |
| 1 | 7849023 | 278490232 | 学院路分馆/ [索取号:Q811.2/JY50] | 在馆 | |
| 2 | 7849024 | 278490241 | 学院路分馆/ [索取号:Q811.2/JY50] | 在馆 |